<?xml version="1.0" encoding="UTF-8"?>
<record
    xmlns:xsi="http://www.w3.org/2001/XMLSchema-instance"
    xsi:schemaLocation="http://www.loc.gov/MARC21/slim http://www.loc.gov/standards/marcxml/schema/MARC21slim.xsd"
    xmlns="http://www.loc.gov/MARC21/slim">

  <leader>00308nam a2200133Ia 4500</leader>
  <controlfield tag="008">191201s2008    xx            000 0 und d</controlfield>
  <datafield tag="082" ind1=" " ind2=" ">
    <subfield code="a">658.3</subfield>
    <subfield code="b">RAH</subfield>
  </datafield>
  <datafield tag="100" ind1=" " ind2=" ">
    <subfield code="a">RAO, V S P</subfield>
  </datafield>
  <datafield tag="245" ind1=" " ind2="0">
    <subfield code="a">Human Resource Management text</subfield>
  </datafield>
  <datafield tag="260" ind1=" " ind2=" ">
    <subfield code="a">-</subfield>
    <subfield code="b">Excel Books</subfield>
    <subfield code="c">2008</subfield>
  </datafield>
  <datafield tag="300" ind1=" " ind2=" ">
    <subfield code="a">709</subfield>
  </datafield>
  <datafield tag="650" ind1=" " ind2=" ">
    <subfield code="a">MBA</subfield>
  </datafield>
  <datafield tag="942" ind1=" " ind2=" ">
    <subfield code="2">ddc</subfield>
    <subfield code="c">BK</subfield>
  </datafield>
  <datafield tag="999" ind1=" " ind2=" ">
    <subfield code="c">3482</subfield>
    <subfield code="d">3482</subfield>
  </datafield>
  <datafield tag="952" ind1=" " ind2=" ">
    <subfield code="0">0</subfield>
    <subfield code="1">0</subfield>
    <subfield code="2">ddc</subfield>
    <subfield code="4">0</subfield>
    <subfield code="7">0</subfield>
    <subfield code="8">MBA</subfield>
    <subfield code="a">PIET</subfield>
    <subfield code="b">PIET</subfield>
    <subfield code="d">2008-10-03</subfield>
    <subfield code="e">J B C, New Delhi</subfield>
    <subfield code="g">295.00</subfield>
    <subfield code="k">S1-2180</subfield>
    <subfield code="l">0</subfield>
    <subfield code="o">658.3 RAH</subfield>
    <subfield code="p">9163</subfield>
    <subfield code="r">2019-12-04 00:00:00</subfield>
    <subfield code="w">2008-08-01</subfield>
    <subfield code="y">BK</subfield>
  </datafield>
  <datafield tag="952" ind1=" " ind2=" ">
    <subfield code="0">0</subfield>
    <subfield code="1">0</subfield>
    <subfield code="2">ddc</subfield>
    <subfield code="4">0</subfield>
    <subfield code="7">0</subfield>
    <subfield code="8">MBA</subfield>
    <subfield code="a">PIET</subfield>
    <subfield code="b">PIET</subfield>
    <subfield code="d">2008-10-03</subfield>
    <subfield code="e">J B C, New Delhi</subfield>
    <subfield code="g">295.00</subfield>
    <subfield code="k">S1-2180</subfield>
    <subfield code="l">0</subfield>
    <subfield code="o">658.3 RAH</subfield>
    <subfield code="p">9164</subfield>
    <subfield code="r">2019-12-04 00:00:00</subfield>
    <subfield code="w">2008-08-01</subfield>
    <subfield code="y">BK</subfield>
  </datafield>
  <datafield tag="952" ind1=" " ind2=" ">
    <subfield code="0">0</subfield>
    <subfield code="1">0</subfield>
    <subfield code="2">ddc</subfield>
    <subfield code="4">0</subfield>
    <subfield code="7">0</subfield>
    <subfield code="8">MBA</subfield>
    <subfield code="a">PIET</subfield>
    <subfield code="b">PIET</subfield>
    <subfield code="d">2008-10-03</subfield>
    <subfield code="e">J B C, New Delhi</subfield>
    <subfield code="g">295.00</subfield>
    <subfield code="k">S1-2180</subfield>
    <subfield code="l">0</subfield>
    <subfield code="o">658.3 RAH</subfield>
    <subfield code="p">9165</subfield>
    <subfield code="r">2019-12-04 00:00:00</subfield>
    <subfield code="w">2008-08-01</subfield>
    <subfield code="y">BK</subfield>
  </datafield>
  <datafield tag="952" ind1=" " ind2=" ">
    <subfield code="0">0</subfield>
    <subfield code="1">0</subfield>
    <subfield code="2">ddc</subfield>
    <subfield code="4">0</subfield>
    <subfield code="7">0</subfield>
    <subfield code="8">MBA</subfield>
    <subfield code="a">PIET</subfield>
    <subfield code="b">PIET</subfield>
    <subfield code="d">2008-10-03</subfield>
    <subfield code="e">J B C, New Delhi</subfield>
    <subfield code="g">295.00</subfield>
    <subfield code="k">S1-2180</subfield>
    <subfield code="l">1</subfield>
    <subfield code="o">658.3 RAH</subfield>
    <subfield code="p">9166</subfield>
    <subfield code="r">2024-01-30 00:00:00</subfield>
    <subfield code="s">2024-01-11</subfield>
    <subfield code="w">2008-08-01</subfield>
    <subfield code="y">BK</subfield>
  </datafield>
  <datafield tag="952" ind1=" " ind2=" ">
    <subfield code="0">0</subfield>
    <subfield code="1">0</subfield>
    <subfield code="2">ddc</subfield>
    <subfield code="4">0</subfield>
    <subfield code="7">0</subfield>
    <subfield code="8">MBA</subfield>
    <subfield code="a">PIET</subfield>
    <subfield code="b">PIET</subfield>
    <subfield code="d">2008-10-03</subfield>
    <subfield code="e">J B C, New Delhi</subfield>
    <subfield code="g">295.00</subfield>
    <subfield code="k">S1-2180</subfield>
    <subfield code="l">0</subfield>
    <subfield code="o">658.3 RAH</subfield>
    <subfield code="p">9167</subfield>
    <subfield code="r">2019-12-04 00:00:00</subfield>
    <subfield code="w">2008-08-01</subfield>
    <subfield code="y">BK</subfield>
  </datafield>
  <datafield tag="952" ind1=" " ind2=" ">
    <subfield code="0">0</subfield>
    <subfield code="1">0</subfield>
    <subfield code="2">ddc</subfield>
    <subfield code="4">0</subfield>
    <subfield code="7">0</subfield>
    <subfield code="8">MBA</subfield>
    <subfield code="a">PIET</subfield>
    <subfield code="b">PIET</subfield>
    <subfield code="d">2008-10-03</subfield>
    <subfield code="e">J B C, New Delhi</subfield>
    <subfield code="g">295.00</subfield>
    <subfield code="k">S1-2180</subfield>
    <subfield code="l">1</subfield>
    <subfield code="o">658.3 RAH</subfield>
    <subfield code="p">9168</subfield>
    <subfield code="q">2026-01-27</subfield>
    <subfield code="r">2026-01-12 00:00:00</subfield>
    <subfield code="s">2026-01-12</subfield>
    <subfield code="w">2008-08-01</subfield>
    <subfield code="y">BK</subfield>
  </datafield>
</record>
